000 01172nam a22004097a 4500
001 0010142
003 KOHA_MİRAKIL
005 20260207001734.0
007 ta
008 091104b2000 tu |||gr||||#||||0|tur |
020 _a9753166982
040 _aTR-BiSEU
_btur
_cTR-BiSEU
_erda
041 0 _atur
044 _ctu
050 _aHG174
_b.C53 2000
100 1 _aClaassen, Emil-M..
245 1 _aLikiditeler ve portföy teorisi/
_cEmil-M. Claassen ; Emil-M. Claassen; çeviren İbrahim Kanyılmaz.
264 1 _aİstanbul :
_bAlfa Yayınları
_c2000
300 _a182 sayfa; 20 cm.
336 _ametin
_btxt
_2rdacontent
337 _aaracısız
_bn
_2rdamedia
338 _acilt
_bnc
_2rdacarrier
490 1 _aAlfa Yayınları ;
_v844.
490 1 _aDizi no.
490 1 _a ;
_v42.
500 _aKaynakça var.
650 0 _aLikidite (Ekonomi).
_924979
650 0 _aLiquidity (Economics).
_924980
650 0 _aPara.
_95719
650 0 _aMoney.
_95195
650 0 _aTahviller.
_924981
650 0 _aSecurities.
_924982
830 1 _aAlfa Yayınları ;
_v844.
_94057
830 1 _aDizi no.
_94170
830 1 _a ;
_v42.
_91620
942 _2lcc
_cBK
999 _c10114
_d10114